[Event "Asia-ch U20 Girls"]
[Site "New Delhi"]
[Date "2016.05.06"]
[Round "4"]
[White "Yalkanova, Maya"]
[Black "Michelle, Catherina P"]
[Result "0-1"]
[WhiteElo "1831"]
[BlackElo "2179"]
[PlyCount "66"]
[EventDate "2016.05.04"]
[EventType "swiss"]
[EventRounds "9"]
[EventCountry "IND"]
[SourceTitle "CBM 172 Extra"]
[Source "ChessBase"]
[SourceDate "2016.06.21"]
[SourceVersion "1"]
[SourceVersionDate "2016.06.21"]
[SourceQuality "1"]

1. d4 Nf6 2. Nf3 e6 3. e3 c5 4. c3 b6 5. Bd3 Bb7 6. Nbd2 Nc6 7. 0-0 Be7 8. dxc5 bxc5 9. e4 d6 10. Re1 0-0 11. Nf1 Qc7 12. Ng3 Rfd8 13. h3 Rab8 14. Be3 h6 15. Qd2 Bf8 16. Rad1 Ba8 17. Bf4 Nd7 18. b3 Nde5 19. Nxe5 Nxe5 20. Bxe5 dxe5 21. Qe3 Qa5 22. Ne2 Be7 23. Qg3 Qxa2 24. Ra1 Qd2 25. Red1 Qg5 26. Qxg5 Bxg5 27. f3 Rxb3 28. Rxa7 c4 29. Bc2 Rxd1+ 30. Bxd1 Be3+ 31. Kf1 Bxa7 32. Bxb3 cxb3 33. c4 Bd4 0-1

[Event "Asia-ch U20 Girls"]
[Site "New Delhi"]
[Date "2016.05.04"]
[Round "1"]
[White "Yalkanova, Maya"]
[Black "Varshini, Veileven"]
[Result "1/2-1/2"]
[WhiteElo "1831"]
[BlackElo "2223"]
[PlyCount "87"]
[EventDate "2016.05.04"]
[EventType "swiss"]
[EventRounds "9"]
[EventCountry "IND"]
[SourceTitle "CBM 172 Extra"]
[Source "ChessBase"]
[SourceDate "2016.06.21"]
[SourceVersion "1"]
[SourceVersionDate "2016.06.21"]
[SourceQuality "1"]

1. d4 d5 2. e3 Nf6 3. Nf3 e6 4. Bd3 Be7 5. Nbd2 0-0 6. 0-0 b6 7. e4 dxe4 8. Nxe4 Nbd7 9. c3 Bb7 10. Qe2 c5 11. Rd1 cxd4 12. Nxd4 Qc8 13. Bf4 Nxe4 14. Bxe4 Bxe4 15. Qxe4 Nf6 16. Qf3 Bc5 17. Be5 Nd7 18. Nc6 Nxe5 19. Nxe5 f6 20. Nc6 Qc7 21. Qe4 Rfe8 22. Rd3 f5 23. Qf3 Rac8 24. Nd4 Qf7 25. Nb5 e5 26. Qd5 Qxd5 27. Rxd5 a6 28. Nd6 Bxd6 29. Rxd6 Rb8 30. Kf1 Kf7 31. Rad1 Re6 32. Rd7+ Re7 33. R7d5 g6 34. Ke2 Rbe8 35. Ke3 Kf6 36. Rd6+ Re6 37. Rd7 R8e7 38. Rd8 b5 39. h4 Re8 40. R8d7 R8e7 41. Rd8 Re8 42. R8d7 R8e7 43. Rd8 Re8 44. R8d7 1/2-1/2